[Event "Baku Chess Olympiad | Open"]
[Site "chess24.com"]
[Date "2016.09.05"]
[Round "4"]
[White "Harikrishna, P."]
[Black "Dominguez Perez, Leinier"]
[Result "*"]
[Board "1"]
[WhiteID "5007003"]
[WhiteElo "2752"]
[WhiteTitle "GM"]
[WhiteCountry "IND"]
[WhiteFideId "5007003"]
[BlackID "3503240"]
[BlackElo "2720"]
[BlackTitle "GM"]
[BlackCountry "CUB"]
[BlackFideId "3503240"]

1. e4 {[%clk 1:30:56]} e5 {[%clk 1:30:43]} 2. Nf3 {[%clk 1:31:17]} Nc6 {[%clk
1:31:05]} 3. Bb5 {[%clk 1:31:36]} Nf6 {[%clk 1:31:24]} 4. d3 {[%clk 1:31:52]} d6
{[%clk 1:31:41]} 5. O-O {[%clk 1:32:13]} Be7 {[%clk 1:32:04]} 6. c3 {[%clk
1:32:17]} O-O {[%clk 1:32:22]} 7. Nbd2 {[%clk 1:30:55]} a6 {[%clk 1:32:02]} 8.
Ba4 {[%clk 1:31:17]} Re8 {[%clk 1:32:07]} 9. Re1 {[%clk 1:31:10]} Bf8 {[%clk
1:32:19]} 10. Nf1 {[%clk 1:29:32]} h6 {[%clk 1:32:42]} 11. Ng3 {[%clk 1:26:29]}
b5 {[%clk 1:32:48]} 12. Bc2 {[%clk 1:26:09]} d5 {[%clk 1:32:22]} 13. d4 {[%clk
1:07:04]} dxe4 {[%clk 1:31:30]} 14. Nxe4 {[%clk 0:57:41]} Bf5 {[%clk 1:31:54]}
15. Nxf6+ {[%clk 0:49:27]} Qxf6 {[%clk 1:32:17]} 16. dxe5 {[%clk 0:40:43]} Nxe5
{[%clk 1:32:19]} 17. Rxe5 {[%clk 0:40:07]} Rxe5 {[%clk 1:30:48]} 18. Nxe5 {[%clk
0:40:31]} Bxc2 {[%clk 1:27:35]} 19. Qxc2 {[%clk 0:40:31]} Qxe5 {[%clk 1:27:56]}
20. Be3 {[%clk 0:40:54]} Rd8 {[%clk 1:27:45]} 21. Rd1 {[%clk 0:34:23]} Qe4 {[%clk
1:15:35]} 22. Qc1 {[%clk 0:31:27]} Rxd1+ {[%clk 1:15:44]} 23. Qxd1 {[%clk
0:31:53]} Bd6 {[%clk 1:16:07]} 24. g3 {[%clk 0:28:50]} Kh7 {[%clk 1:15:03]} 25.
Bd4 {[%clk 0:27:29]} f6 {[%clk 1:08:46]} 26. b3 {[%clk 0:26:16]} Kg8 {[%clk
1:02:36]} 27. c4 {[%clk 0:21:35]} bxc4 {[%clk 0:43:47]} 28. bxc4 {[%clk 0:21:58]}
Kf7 {[%clk 0:40:21]} 29. f3 {[%clk 0:17:30]} Qc6 {[%clk 0:38:42]} 30. Qd3 {[%clk
0:17:26]} Bc5 {[%clk 0:38:10]} 31. Bxc5 {[%clk 0:17:39]} Qxc5+ {[%clk 0:38:33]}
32. Kg2 {[%clk 0:17:35]} Ke7 {[%clk 0:35:31]} 33. h4 {[%clk 0:16:40]} Qd6 {[%clk
0:32:28]} 34. Qe3+ {[%clk 0:14:43]} Qe5 {[%clk 0:31:34]} 35. Qd2 {[%clk 0:13:15]}
h5 {[%clk 0:28:55]} 36. a3 {[%clk 0:11:57]} g5 {[%clk 0:21:15]} 37. Qd3 {[%clk
0:09:52]} gxh4 {[%clk 0:20:51]} 38. gxh4 {[%clk 0:09:32]} f5 {[%clk 0:21:07]} 39.
c5 {[%clk 0:08:01]} f4 {[%clk 0:14:17]} *

[Event "Baku Chess Olympiad | Open"]
[Site "chess24.com"]
[Date "2016.09.05"]
[Round "4"]
[White "Caruana, Fabiano"]
[Black "Navara, David"]
[Result "*"]
[Board "1"]
[WhiteID "2020009"]
[WhiteElo "2808"]
[WhiteTitle "GM"]
[WhiteCountry "USA"]
[WhiteFideId "2020009"]
[BlackID "309095"]
[BlackElo "2742"]
[BlackTitle "GM"]
[BlackCountry "CZE"]
[BlackFideId "309095"]

1. e4 {[%clk 1:30:55]} c6 {[%clk 1:30:56]} 2. d4 {[%clk 1:31:22]} d5 {[%clk
1:31:21]} 3. e5 {[%clk 1:31:49]} Bf5 {[%clk 1:31:45]} 4. Nf3 {[%clk 1:32:11]} e6
{[%clk 1:32:07]} 5. Be2 {[%clk 1:32:38]} c5 {[%clk 1:32:08]} 6. Be3 {[%clk
1:33:00]} cxd4 {[%clk 1:32:04]} 7. Nxd4 {[%clk 1:33:23]} Ne7 {[%clk 1:32:20]} 8.
O-O {[%clk 1:33:46]} Nbc6 {[%clk 1:32:02]} 9. Bb5 {[%clk 1:34:07]} a6 {[%clk
1:31:16]} 10. Bxc6+ {[%clk 1:33:48]} bxc6 {[%clk 1:31:25]} 11. c4 {[%clk
1:33:49]} Qd7 {[%clk 1:21:11]} 12. Nc3 {[%clk 1:24:05]} dxc4 {[%clk 1:21:27]} 13.
Na4 {[%clk 1:23:13]} Nd5 {[%clk 1:21:48]} 14. Nxf5 {[%clk 1:23:37]} exf5 {[%clk
1:22:08]} 15. Rc1 {[%clk 1:18:46]} c3 {[%clk 1:22:24]} 16. Nxc3 {[%clk 1:18:35]}
Nxe3 {[%clk 1:22:43]} 17. fxe3 {[%clk 1:17:30]} g6 {[%clk 1:21:43]} 18. Qf3
{[%clk 1:09:22]} Bh6 {[%clk 1:13:04]} 19. Na4 {[%clk 1:02:17]} O-O {[%clk
1:03:17]} 20. Nb6 {[%clk 0:57:19]} Qa7 {[%clk 1:01:54]} 21. Rxc6 {[%clk 0:56:02]}
Rae8 {[%clk 0:48:24]} 22. Nc4 {[%clk 0:33:26]} f4 {[%clk 0:47:42]} 23. Kh1 {[%clk
0:33:51]} fxe3 {[%clk 0:47:57]} 24. b3 {[%clk 0:31:45]} Bg7 {[%clk 0:33:02]} 25.
Qxe3 {[%clk 0:28:05]} Qxe3 {[%clk 0:33:10]} 26. Nxe3 {[%clk 0:28:33]} Rxe5 {[%clk
0:33:28]} 27. Nc4 {[%clk 0:28:53]} Re6 {[%clk 0:33:51]} 28. Rxe6 {[%clk 0:28:20]}
fxe6 {[%clk 0:34:12]} 29. Rxf8+ {[%clk 0:27:13]} Kxf8 {[%clk 0:34:20]} 30. Kg1
{[%clk 0:19:28]} Ke7 {[%clk 0:34:35]} 31. Kf2 {[%clk 0:19:49]} Kd7 {[%clk
0:34:23]} 32. Ke3 {[%clk 0:18:22]} Kc6 {[%clk 0:34:44]} 33. Ke4 {[%clk 0:13:24]}
Kb5 {[%clk 0:33:22]} 34. a3 {[%clk 0:10:50]} a5 {[%clk 0:26:31]} 35. Ne5 {[%clk
0:10:52]} Bf8 {[%clk 0:26:27]} 36. Nd3 {[%clk 0:10:16]} Bxa3 {[%clk 0:25:00]} 37.
Ke5 {[%clk 0:10:42]} Kc6 {[%clk 0:24:48]} 38. Kxe6 {[%clk 0:10:33]} Bd6 {[%clk
0:25:09]} 39. g3 {[%clk 0:08:20]} Bc7 {[%clk 0:22:00]} 40. Ne1 {[%clk 0:36:45]}
h5 {[%clk 0:49:54]} *

[Event "Baku Chess Olympiad | Open"]
[Site "chess24.com"]
[Date "2016.09.05"]
[Round "4"]
[White "Laznicka, Viktor"]
[Black "Nakamura, Hikaru"]
[Result "*"]
[Board "2"]
[WhiteID "316385"]
[WhiteElo "2651"]
[WhiteTitle "GM"]
[WhiteCountry "CZE"]
[WhiteFideId "316385"]
[BlackID "2016192"]
[BlackElo "2789"]
[BlackTitle "GM"]
[BlackCountry "USA"]
[BlackFideId "2016192"]

1. Nf3 {[%clk 1:30:58]} d5 {[%clk 1:30:51]} 2. g3 {[%clk 1:31:24]} Nf6 {[%clk
1:31:02]} 3. Bg2 {[%clk 1:31:48]} e6 {[%clk 1:31:15]} 4. O-O {[%clk 1:31:37]} Be7
{[%clk 1:31:41]} 5. c4 {[%clk 1:31:06]} O-O {[%clk 1:32:06]} 6. d4 {[%clk
1:30:53]} dxc4 {[%clk 1:32:32]} 7. Qc2 {[%clk 1:30:48]} a6 {[%clk 1:32:57]} 8. a4
{[%clk 1:30:25]} Bd7 {[%clk 1:32:33]} 9. Rd1 {[%clk 1:29:39]} Bc6 {[%clk
1:32:38]} 10. Nc3 {[%clk 1:30:02]} Bxf3 {[%clk 1:32:57]} 11. Bxf3 {[%clk
1:30:26]} Nc6 {[%clk 1:33:23]} 12. Bxc6 {[%clk 1:30:09]} bxc6 {[%clk 1:33:47]}
13. a5 {[%clk 1:30:30]} Rb8 {[%clk 1:32:54]} 14. Ra4 {[%clk 1:30:37]} Rb4 {[%clk
1:31:51]} 15. Na2 {[%clk 1:30:29]} Rxa4 {[%clk 1:31:07]} 16. Qxa4 {[%clk
1:30:52]} Qb8 {[%clk 1:30:08]} 17. Qxc4 {[%clk 1:30:59]} Qb7 {[%clk 1:30:30]} 18.
Rd3 {[%clk 1:27:01]} Rb8 {[%clk 1:29:52]} 19. b4 {[%clk 1:26:55]} Qb5 {[%clk
1:27:07]} 20. Qxb5 {[%clk 1:22:58]} Rxb5 {[%clk 1:18:44]} 21. Rc3 {[%clk
1:12:35]} Nd5 {[%clk 1:02:55]} 22. Rxc6 {[%clk 1:11:07]} Nxb4 {[%clk 1:02:14]}
23. Rxc7 {[%clk 0:53:36]} Nxa2 {[%clk 1:02:39]} 24. Rxe7 {[%clk 0:54:00]} h6
{[%clk 1:03:07]} 25. Bd2 {[%clk 0:24:32]} Rb2 {[%clk 1:03:31]} 26. Be1 {[%clk
0:22:18]} Rxe2 {[%clk 1:02:25]} 27. Kf1 {[%clk 0:22:41]} Rc2 {[%clk 1:02:46]} 28.
Rd7 {[%clk 0:21:14]} Rc4 {[%clk 0:38:18]} 29. d5 {[%clk 0:14:45]} exd5 {[%clk
0:38:39]} 30. Rxd5 {[%clk 0:15:00]} Nb4 {[%clk 0:39:06]} 31. Bxb4 {[%clk
0:11:30]} Rxb4 {[%clk 0:39:08]} 32. Rd6 {[%clk 0:11:58]} Ra4 {[%clk 0:39:06]} 33.
Rxa6 {[%clk 0:12:20]} Ra2 {[%clk 0:39:35]} 34. Kg2 {[%clk 0:07:46]} g5 {[%clk
0:36:09]} 35. Kf3 {[%clk 0:03:58]} h5 {[%clk 0:31:10]} 36. h3 {[%clk 0:03:02]}
Kg7 {[%clk 0:31:24]} 37. Ra8 {[%clk 0:02:38]} Ra4 {[%clk 0:24:23]} 38. a6 {[%clk
0:02:40]} h4 {[%clk 0:24:20]} 39. gxh4 {[%clk 0:00:45]} gxh4 {[%clk 0:20:45]} 40.
a7 {[%clk 0:30:35]} *

[Event "Baku Chess Olympiad | Open"]
[Site "chess24.com"]
[Date "2016.09.05"]
[Round "4"]
[White "Wang, Yue"]
[Black "Dvirnyy, Danyyil"]
[Result "*"]
[Board "1"]
[WhiteID "8601429"]
[WhiteElo "2737"]
[WhiteTitle "GM"]
[WhiteCountry "CHN"]
[WhiteFideId "8601429"]
[BlackID "817570"]
[BlackElo "2543"]
[BlackTitle "GM"]
[BlackCountry "ITA"]
[BlackFideId "817570"]

1. Nf3 {[%clk 1:30:56]} d5 {[%clk 1:30:49]} 2. d4 {[%clk 1:31:14]} Nf6 {[%clk
1:31:12]} 3. c4 {[%clk 1:31:40]} c6 {[%clk 1:31:34]} 4. e3 {[%clk 1:31:13]} Bg4
{[%clk 1:31:34]} 5. h3 {[%clk 1:30:53]} Bh5 {[%clk 1:31:57]} 6. g4 {[%clk
1:30:50]} Bg6 {[%clk 1:32:20]} 7. Ne5 {[%clk 1:31:17]} e6 {[%clk 1:31:15]} 8.
Nxg6 {[%clk 1:31:38]} hxg6 {[%clk 1:31:39]} 9. Bg2 {[%clk 1:32:01]} Nbd7 {[%clk
1:30:27]} 10. Qd3 {[%clk 1:31:07]} g5 {[%clk 1:23:37]} 11. Nc3 {[%clk 1:29:01]}
Bb4 {[%clk 1:21:38]} 12. Bd2 {[%clk 1:28:09]} Qe7 {[%clk 0:53:43]} 13. a3 {[%clk
1:24:22]} Bxc3 {[%clk 0:36:12]} 14. Bxc3 {[%clk 1:21:05]} Nf8 {[%clk 0:34:21]}
15. cxd5 {[%clk 0:52:06]} exd5 {[%clk 0:33:12]} 16. Qf5 {[%clk 0:46:34]} Ne4
{[%clk 0:19:43]} 17. Bxe4 {[%clk 0:35:54]} Qxe4 {[%clk 0:19:35]} 18. Qxe4+ {[%clk
0:36:19]} dxe4 {[%clk 0:20:01]} 19. d5 {[%clk 0:36:28]} cxd5 {[%clk 0:18:05]} 20.
Rd1 {[%clk 0:36:17]} O-O-O {[%clk 0:13:21]} 21. Bxg7 {[%clk 0:36:09]} Rg8 {[%clk
0:13:45]} 22. Bf6 {[%clk 0:30:33]} Rd7 {[%clk 0:14:10]} 23. f4 {[%clk 0:25:50]}
exf3 {[%clk 0:13:01]} 24. Rf1 {[%clk 0:24:35]} Ne6 {[%clk 0:09:48]} 25. Rxf3
{[%clk 0:24:43]} Kc7 {[%clk 0:05:38]} 26. Rf5 {[%clk 0:21:08]} Kc6 {[%clk
0:04:45]} 27. Rc1+ {[%clk 0:18:42]} Kb6 {[%clk 0:03:42]} 28. Ke2 {[%clk 0:19:07]}
Rg6 {[%clk 0:02:32]} 29. Rcf1 {[%clk 0:18:44]} Rh6 {[%clk 0:02:09]} 30. R1f3
{[%clk 0:18:32]} Kc6 {[%clk 0:02:34]} 31. Bxg5 {[%clk 0:17:34]} Nxg5 {[%clk
0:00:49]} 32. Rxg5 {[%clk 0:18:00]} d4 {[%clk 0:00:38]} 33. e4 {[%clk 0:16:41]}
d3+ {[%clk 0:01:02]} 34. Kd2 {[%clk 0:17:08]} Re6 {[%clk 0:00:46]} 35. e5 {[%clk
0:16:23]} Rd5 {[%clk 0:00:32]} *

[Event "Baku Chess Olympiad | Open"]
[Site "chess24.com"]
[Date "2016.09.05"]
[Round "4"]
[White "Zhigalko, Andrey"]
[Black "Neiksans, Arturs"]
[Result "*"]
[Board "3"]
[WhiteID "13502247"]
[WhiteElo "2591"]
[WhiteTitle "GM"]
[WhiteCountry "BLR"]
[WhiteFideId "13502247"]
[BlackID "11601388"]
[BlackElo "2628"]
[BlackTitle "GM"]
[BlackCountry "LAT"]
[BlackFideId "11601388"]

1. e4 {[%clk 1:30:58]} c5 {[%clk 1:30:53]} 2. Nf3 {[%clk 1:31:24]} e6 {[%clk
1:31:12]} 3. d4 {[%clk 1:31:46]} cxd4 {[%clk 1:31:36]} 4. Nxd4 {[%clk 1:32:13]}
Nc6 {[%clk 1:31:41]} 5. Nc3 {[%clk 1:32:36]} Qc7 {[%clk 1:32:06]} 6. Be2 {[%clk
1:32:38]} a6 {[%clk 1:32:13]} 7. Be3 {[%clk 1:32:44]} Nf6 {[%clk 1:32:00]} 8. a3
{[%clk 1:32:47]} b5 {[%clk 1:26:49]} 9. Nxc6 {[%clk 1:32:57]} dxc6 {[%clk
1:27:01]} 10. f4 {[%clk 1:33:17]} Bb7 {[%clk 1:26:11]} 11. e5 {[%clk 1:33:20]}
Nd7 {[%clk 1:15:41]} 12. Bf3 {[%clk 0:45:46]} Rd8 {[%clk 1:07:56]} 13. Qe2 {[%clk
0:45:40]} Be7 {[%clk 1:08:18]} 14. Ne4 {[%clk 0:39:47]} O-O {[%clk 1:06:47]} 15.
O-O {[%clk 0:37:36]} c5 {[%clk 0:59:49]} 16. a4 {[%clk 0:37:13]} b4 {[%clk
0:40:19]} 17. Nd2 {[%clk 0:36:12]} Nb6 {[%clk 0:40:09]} 18. Bxb7 {[%clk 0:31:09]}
Qxb7 {[%clk 0:39:52]} 19. a5 {[%clk 0:16:23]} Nd5 {[%clk 0:40:09]} 20. b3 {[%clk
0:16:18]} f5 {[%clk 0:35:16]} 21. Nc4 {[%clk 0:14:41]} Nc3 {[%clk 0:30:40]} 22.
Qf3 {[%clk 0:14:20]} Qc7 {[%clk 0:30:54]} 23. Rae1 {[%clk 0:13:17]} Qd7 {[%clk
0:22:08]} 24. Bd2 {[%clk 0:10:20]} Ne4 {[%clk 0:22:16]} 25. Be3 {[%clk 0:10:07]}
Qb5 {[%clk 0:21:36]} 26. Rd1 {[%clk 0:05:57]} Rd5 {[%clk 0:18:00]} 27. Rd3 {[%clk
0:06:22]} Rfd8 {[%clk 0:16:29]} 28. Rfd1 {[%clk 0:06:47]} R8d7 {[%clk 0:16:02]}
29. g4 {[%clk 0:04:39]} Nc3 {[%clk 0:10:36]} 30. R1d2 {[%clk 0:04:37]} Ne4 {[%clk
0:08:22]} 31. Rd1 {[%clk 0:05:03]} Nc3 {[%clk 0:08:08]} 32. R1d2 {[%clk 0:05:29]}
*

[Event "Baku Chess Olympiad | Open"]
[Site "chess24.com"]
[Date "2016.09.05"]
[Round "4"]
[White "Indjic, Aleksandar"]
[Black "Skoberne, Jure"]
[Result "*"]
[Board "3"]
[WhiteID "911925"]
[WhiteElo "2548"]
[WhiteTitle "GM"]
[WhiteCountry "SRB"]
[WhiteFideId "911925"]
[BlackID "14604299"]
[BlackElo "2562"]
[BlackTitle "GM"]
[BlackCountry "SLO"]
[BlackFideId "14604299"]

1. d4 {[%clk 1:30:24]} Nf6 {[%clk 1:30:46]} 2. c4 {[%clk 1:28:41]} g6 {[%clk
1:31:01]} 3. Nf3 {[%clk 1:23:16]} Bg7 {[%clk 1:31:12]} 4. g3 {[%clk 1:23:36]} O-O
{[%clk 1:29:20]} 5. Bg2 {[%clk 1:23:57]} d6 {[%clk 1:26:05]} 6. O-O {[%clk
1:23:01]} c5 {[%clk 1:24:27]} 7. d5 {[%clk 1:16:51]} b5 {[%clk 1:24:47]} 8. cxb5
{[%clk 1:16:17]} a6 {[%clk 1:25:08]} 9. b6 {[%clk 1:13:57]} Nbd7 {[%clk 1:23:47]}
10. Nc3 {[%clk 1:14:18]} Nxb6 {[%clk 1:22:31]} 11. a4 {[%clk 1:14:38]} Rb8 {[%clk
1:13:51]} 12. e4 {[%clk 1:12:23]} e6 {[%clk 0:52:52]} 13. dxe6 {[%clk 1:08:10]}
Bxe6 {[%clk 0:52:22]} 14. Ng5 {[%clk 1:08:28]} Bg4 {[%clk 0:45:54]} 15. Qd3
{[%clk 1:04:20]} h6 {[%clk 0:45:31]} 16. a5 {[%clk 0:49:00]} c4 {[%clk 0:43:46]}
17. Qc2 {[%clk 0:44:37]} Nbd7 {[%clk 0:40:48]} 18. Nf3 {[%clk 0:43:04]} Nc5
{[%clk 0:38:12]} 19. Be3 {[%clk 0:35:10]} Nfd7 {[%clk 0:34:10]} 20. Nd4 {[%clk
0:23:17]} Bxd4 {[%clk 0:21:18]} 21. Bxd4 {[%clk 0:23:36]} Nb3 {[%clk 0:21:45]}
22. Be3 {[%clk 0:24:02]} Nxa1 {[%clk 0:22:06]} 23. Rxa1 {[%clk 0:24:27]} Kh7
{[%clk 0:21:30]} 24. Nd5 {[%clk 0:24:21]} Be6 {[%clk 0:14:56]} 25. Qxc4 {[%clk
0:23:27]} Rb5 {[%clk 0:08:51]} 26. Qc3 {[%clk 0:18:55]} Bxd5 {[%clk 0:05:56]} 27.
exd5 {[%clk 0:19:17]} Qb8 {[%clk 0:06:07]} 28. Bd4 {[%clk 0:15:53]} Ne5 {[%clk
0:06:32]} 29. Qd2 {[%clk 0:12:18]} Re8 {[%clk 0:02:53]} 30. Bc3 {[%clk 0:11:45]}
Qc8 {[%clk 0:03:01]} 31. h3 {[%clk 0:09:59]} *

[Event "Baku Chess Olympiad | Open"]
[Site "chess24.com"]
[Date "2016.09.05"]
[Round "4"]
[White "Vallejo Pons, Francisco"]
[Black "Cordova, Emilio"]
[Result "*"]
[Board "1"]
[WhiteID "2205530"]
[WhiteElo "2716"]
[WhiteTitle "GM"]
[WhiteCountry "ESP"]
[WhiteFideId "2205530"]
[BlackID "3801497"]
[BlackElo "2638"]
[BlackTitle "GM"]
[BlackCountry "PER"]
[BlackFideId "3801497"]

1. d4 {[%clk 1:30:55]} Nf6 {[%clk 1:30:49]} 2. c4 {[%clk 1:31:08]} c5 {[%clk
1:29:56]} 3. d5 {[%clk 1:30:50]} b5 {[%clk 1:29:13]} 4. cxb5 {[%clk 1:29:51]} a6
{[%clk 1:29:36]} 5. bxa6 {[%clk 1:29:57]} g6 {[%clk 1:29:51]} 6. Nc3 {[%clk
1:30:11]} Bg7 {[%clk 1:30:14]} 7. e4 {[%clk 1:30:11]} O-O {[%clk 1:30:29]} 8. Be2
{[%clk 1:29:24]} d6 {[%clk 1:08:04]} 9. Nf3 {[%clk 1:26:59]} Nxa6 {[%clk
1:07:36]} 10. O-O {[%clk 1:22:43]} Nc7 {[%clk 1:05:24]} 11. h3 {[%clk 1:14:41]}
Rb8 {[%clk 0:59:29]} 12. Re1 {[%clk 1:07:24]} Bb7 {[%clk 0:54:36]} 13. Bf4 {[%clk
0:59:19]} Ba8 {[%clk 0:54:46]} 14. Qd2 {[%clk 0:53:18]} Rb4 {[%clk 0:31:29]} 15.
Bf1 {[%clk 0:46:57]} e6 {[%clk 0:20:42]} 16. a3 {[%clk 0:40:59]} Rb6 {[%clk
0:20:34]} 17. Bc4 {[%clk 0:38:38]} exd5 {[%clk 0:16:12]} 18. exd5 {[%clk
0:37:41]} Qd7 {[%clk 0:16:39]} 19. b3 {[%clk 0:27:45]} Rfb8 {[%clk 0:17:03]} 20.
Rad1 {[%clk 0:23:42]} Bb7 {[%clk 0:09:06]} 21. Na4 {[%clk 0:19:28]} Bxd5 {[%clk
0:09:31]} 22. Nxb6 {[%clk 0:19:00]} Rxb6 {[%clk 0:09:57]} 23. Qe2 {[%clk
0:14:47]} h6 {[%clk 0:10:17]} 24. Qe7 {[%clk 0:11:28]} Bxc4 {[%clk 0:05:19]} 25.
Qxd7 {[%clk 0:07:12]} Nxd7 {[%clk 0:05:45]} 26. bxc4 {[%clk 0:07:33]} Bf8 {[%clk
0:06:04]} 27. Bxh6 {[%clk 0:06:34]} Ne6 {[%clk 0:05:33]} 28. Bxf8 {[%clk
0:05:00]} Kxf8 {[%clk 0:05:59]} 29. Rb1 {[%clk 0:03:38]} Ra6 {[%clk 0:06:23]} *

[Event "Baku Chess Olympiad | Open"]
[Site "chess24.com"]
[Date "2016.09.05"]
[Round "4"]
[White "Gundavaa, Bayarsaikhan"]
[Black "Palac, Mladen"]
[Result "*"]
[Board "2"]
[WhiteID "4901045"]
[WhiteElo "2492"]
[WhiteTitle "GM"]
[WhiteCountry "MGL"]
[WhiteFideId "4901045"]
[BlackID "14500116"]
[BlackElo "2623"]
[BlackTitle "GM"]
[BlackCountry "CRO"]
[BlackFideId "14500116"]

1. e4 {[%clk 1:30:57]} c5 {[%clk 1:30:49]} 2. Nf3 {[%clk 1:31:22]} d6 {[%clk
1:31:16]} 3. c3 {[%clk 1:31:17]} Nf6 {[%clk 1:31:39]} 4. Be2 {[%clk 1:31:44]} Bd7
{[%clk 1:22:53]} 5. d3 {[%clk 1:30:18]} Bc6 {[%clk 1:21:15]} 6. O-O {[%clk
1:28:22]} Nbd7 {[%clk 1:17:07]} 7. Nbd2 {[%clk 1:26:40]} e6 {[%clk 1:11:10]} 8.
Re1 {[%clk 1:24:49]} Be7 {[%clk 1:11:36]} 9. Bf1 {[%clk 1:24:09]} O-O {[%clk
0:51:43]} 10. d4 {[%clk 1:24:06]} cxd4 {[%clk 0:51:27]} 11. Nxd4 {[%clk 0:58:04]}
Qc7 {[%clk 0:51:46]} 12. c4 {[%clk 0:55:48]} Rfe8 {[%clk 0:44:21]} 13. b3 {[%clk
0:51:53]} d5 {[%clk 0:41:01]} 14. cxd5 {[%clk 0:43:56]} exd5 {[%clk 0:41:27]} 15.
Nxc6 {[%clk 0:43:29]} bxc6 {[%clk 0:41:36]} 16. exd5 {[%clk 0:42:47]} Bc5 {[%clk
0:29:27]} 17. Nf3 {[%clk 0:12:37]} Ng4 {[%clk 0:15:16]} 18. Be3 {[%clk 0:11:56]}
Nxe3 {[%clk 0:13:33]} 19. fxe3 {[%clk 0:11:56]} Bxe3+ {[%clk 0:13:58]} 20. Kh1
{[%clk 0:09:53]} Nf6 {[%clk 0:10:00]} 21. d6 {[%clk 0:09:43]} Qd7 {[%clk
0:08:25]} 22. Bc4 {[%clk 0:06:10]} Ne4 {[%clk 0:05:33]} 23. Qc2 {[%clk 0:04:49]}
Nf2+ {[%clk 0:05:09]} 24. Kg1 {[%clk 0:05:16]} Ng4+ {[%clk 0:04:53]} 25. Kh1
{[%clk 0:04:24]} Nf2+ {[%clk 0:02:45]} 26. Kg1 {[%clk 0:04:50]} *

[Event "Baku Chess Olympiad | Open"]
[Site "chess24.com"]
[Date "2016.09.05"]
[Round "4"]
[White "Ladva, Ottomar"]
[Black "Utegaliyev, Azamat"]
[Result "1/2-1/2"]
[Board "2"]
[WhiteID "4500024"]
[WhiteElo "2501"]
[WhiteTitle "IM"]
[WhiteCountry "EST"]
[WhiteFideId "4500024"]
[BlackID "13702467"]
[BlackElo "2513"]
[BlackCountry "KAZ"]
[BlackFideId "13702467"]

1. Nf3 {[%clk 1:30:56]} Nf6 {[%clk 1:30:49]} 2. c4 {[%clk 1:31:19]} c5 {[%clk
1:30:56]} 3. Nc3 {[%clk 1:31:22]} Nc6 {[%clk 1:31:21]} 4. e3 {[%clk 1:31:07]} g6
{[%clk 1:29:31]} 5. d4 {[%clk 1:31:28]} cxd4 {[%clk 1:23:50]} 6. exd4 {[%clk
1:31:56]} d5 {[%clk 1:24:17]} 7. cxd5 {[%clk 1:31:40]} Nxd5 {[%clk 1:24:43]} 8.
Qb3 {[%clk 1:31:29]} Nxc3 {[%clk 1:25:00]} 9. Bc4 {[%clk 1:31:36]} e6 {[%clk
1:25:22]} 10. bxc3 {[%clk 1:31:57]} Bg7 {[%clk 1:25:49]} 11. Ba3 {[%clk 1:31:15]}
Bf8 {[%clk 1:24:42]} 12. Bxf8 {[%clk 1:27:18]} Kxf8 {[%clk 1:24:33]} 13. O-O
{[%clk 1:26:34]} Kg7 {[%clk 1:23:44]} 14. Bb5 {[%clk 1:20:46]} Bd7 {[%clk
1:21:23]} 15. c4 {[%clk 1:16:43]} a6 {[%clk 1:14:07]} 16. Bxc6 {[%clk 1:16:01]}
Bxc6 {[%clk 1:14:14]} 17. Rfd1 {[%clk 1:13:22]} Bxf3 {[%clk 1:14:30]} 18. Qxf3
{[%clk 1:13:43]} b5 {[%clk 1:14:50]} 19. c5 {[%clk 1:02:06]} Qf6 {[%clk 1:13:57]}
20. Qc3 {[%clk 0:58:57]} Rhd8 {[%clk 1:12:12]} 21. a4 {[%clk 0:59:11]} bxa4
{[%clk 1:11:00]} 22. Rxa4 {[%clk 0:58:26]} Rd5 {[%clk 1:11:16]} 23. Qc4 {[%clk
0:46:55]} Qd8 {[%clk 1:00:26]} 24. h3 {[%clk 0:37:53]} Rc8 {[%clk 0:54:16]} 25.
Rxa6 {[%clk 0:29:13]} Rcxc5 {[%clk 0:50:25]} 26. dxc5 {[%clk 0:29:14]} Rxd1+
{[%clk 0:50:52]} 27. Kh2 {[%clk 0:29:39]} Qd2 {[%clk 0:51:20]} 28. Ra2 {[%clk
0:18:31]} Rc1 {[%clk 0:34:50]} 29. Qb3 {[%clk 0:17:18]} Qc3 {[%clk 0:30:47]} 30.
Qxc3+ {[%clk 0:17:33]} Rxc3 {[%clk 0:31:16]} 31. Ra5 {[%clk 0:17:54]} h5 {[%clk
0:31:44]} 32. h4 {[%clk 0:17:10]} Kf6 {[%clk 0:28:28]} 33. g3 {[%clk 0:17:27]}
Kf5 {[%clk 0:23:00]} 34. Ra7 {[%clk 0:16:04]} f6 {[%clk 0:23:13]} 35. Rc7 {[%clk
0:16:07]} e5 {[%clk 0:23:39]} 36. c6 {[%clk 0:16:06]} e4 {[%clk 0:23:24]} 37. Rc8
{[%clk 0:08:36]} Rc2 {[%clk 0:08:14]} 38. Kg2 {[%clk 0:03:08]} e3 {[%clk
0:07:51]} 39. Kf3 {[%clk 0:02:07]} exf2 {[%clk 0:06:19]} 40. Kg2 {[%clk 0:32:35]}
Kg4 {[%clk 0:34:56]} 41. c7 {[%clk 0:28:55]} Kf5 {[%clk 0:16:14]} 42. Kf1 {[%clk
0:27:37]} Kg4 {[%clk 0:14:16]} 43. Rg8 {[%clk 0:25:45]} Rxc7 {[%clk 0:13:24]} 44.
Rxg6+ {[%clk 0:26:13]} Kf5 {[%clk 0:04:40]} 45. Rh6 {[%clk 0:26:39]} Rc2 {[%clk
0:05:00]} 46. Kg2 {[%clk 0:25:42]} f1N+ {[%clk 0:03:21]} 47. Kxf1 {[%clk
0:26:06]} Kg4 {[%clk 0:03:45]} 48. Rxf6 {[%clk 0:26:22]} Kxg3 {[%clk 0:04:11]}
49. Kg1 {[%clk 0:25:29]} Rg2+ {[%clk 0:04:12]} 50. Kh1 {[%clk 0:25:41]} Rh2+
{[%clk 0:04:38]} 51. Kg1 {[%clk 0:26:06]} Rxh4 {[%clk 0:05:05]} 52. Ra6 {[%clk
0:26:06]} Rb4 {[%clk 0:05:19]} 53. Ra3+ {[%clk 0:26:31]} Kg4 {[%clk 0:05:47]} 54.
Kh1 {[%clk 0:26:56]} h4 {[%clk 0:06:14]} 55. Kg1 {[%clk 0:27:22]} h3 {[%clk
0:06:36]} 56. Kh1 {[%clk 0:27:47]} Rf4 {[%clk 0:06:54]} 57. Kg1 {[%clk 0:28:06]}
Kh4 {[%clk 0:07:10]} 58. Kh2 {[%clk 0:28:27]} Rf2+ {[%clk 0:07:37]} 59. Kg1
{[%clk 0:28:49]} Rg2+ {[%clk 0:07:48]} 60. Kh1 {[%clk 0:29:17]} Kg4 {[%clk
0:08:04]} 61. Rxh3 {[%clk 0:29:30]} Kxh3 {[%clk 0:08:30]} 1/2-1/2